00569nam a22001452 4500001001100000005001700011008004100028040001500069100003700084245017900121250001300300260004100313300003200354650003700386000002343620151217161557.0121129s xx 000 0 eng d aKABUcKABU1 aWachira, Margaret M.@000018282410aEffects of micro credit on the performance of women-owned income generating projects :ba survey of microfinance funded projects in Eldama Ravine town /cMargaret M. Wachira. a1st ed. aNakuru :bKabarak University,c2012. axii, 69 leaves +e1 CD-ROM. 0aMicrofinancezKenya.@0000182793